The stock exchange official yearbook (Record no. 7857)
[ view plain ]
| 000 -CABECERA | |
|---|---|
| campo de control de longitud fija | 00718nam a2200229 a 4500 |
| 001 - NÚMERO DE CONTROL | |
| campo de control | BRCA_8189 |
| 005 - FECHA Y HORA DE LA ÚLTIMA TRANSACCIÓN | |
| campo de control | 20190320210153.0 |
| 008 - DATOS DE LONGITUD FIJA--INFORMACIÓN GENERAL | |
| campo de control de longitud fija | 080514s1953----enka###f##---#000-0#eng-# |
| 041 ## - CÓDIGO DE LENGUA | |
| Código de lengua del texto/banda sonora o título independiente | eng |
| 044 ## - CÓDIGO DEL PAÍS DE LA ENTIDAD EDITORA/PRODUCTORA | |
| Código MARC del país | enk |
| 050 #4 - SIGNATURA TOPOGRÁFICA DE LA BIBLIOTECA DEL CONGRESO | |
| Número de clasificación | HG1505 |
| Número de documento/Ítem | .S76 |
| -- | 1953 |
| 245 10 - MENCIÓN DE TÍTULO | |
| Título | The stock exchange official yearbook |
| Resto del título | 1953 |
| 260 ## - PUBLICACIÓN, DISTRIBUCIÓN, ETC. | |
| Lugar de publicación, distribución, etc. | Londres |
| Nombre del editor, distribuidor, etc. | Thomas Skinner & co. |
| Fecha de publicación, distribución, etc. | 1953 |
| 300 ## - DESCRIPCIÓN FÍSICA | |
| Extensión | 2 v. |
| Otras características físicas | il. |
| Dimensiones | 26 cm. |
| 440 #0 - MENCIÓN DE SERIE/PUNTO DE ACCESO ADICIONAL--TÍTULO | |
| Título | The stock exchange official yearbook |
| Número de parte o sección de la obra | I |
| -- | II |
| 9 (RLIN) | 20410 |
| 500 ## - NOTA GENERAL | |
| Nota general | Dos volúmenes inventariados como un solo libro por el Banco de México |
| 500 ## - NOTA GENERAL | |
| Nota general | X103 |
| 650 14 - PUNTO DE ACCESO ADICIONAL DE MATERIA--TÉRMINO DE MATERIA | |
| Término de materia o nombre geográfico como elemento de entrada | Banca y finanzas |
| Subdivisión de forma | Directorios |
| Subdivisión geográfica | Inglaterra |
| 9 (RLIN) | 20411 |
| 650 14 - PUNTO DE ACCESO ADICIONAL DE MATERIA--TÉRMINO DE MATERIA | |
| Término de materia o nombre geográfico como elemento de entrada | Negocios |
| Subdivisión de forma | Directorios |
| Subdivisión geográfica | Inglaterra |
| 9 (RLIN) | 20412 |
| 902 ## - CATALOGADOR | |
| Iniciales | GFM |
| 942 ## - ELEMENTOS DE PUNTO DE ACCESO ADICIONAL (KOHA) | |
| Fuente del sistema de clasificación o colocación | Library of Congress Classification |
| Tipo de ítem Koha | Libros |
| Estado de retiro | Estado de pérdida | Estado dañado | No para préstamo | Localización permanente | Ubicación/localización actual | Fecha de adquisición | Número de inventario | Total de préstamos | Signatura topográfica completa | Código de barras | Fecha visto por última vez | Precio válido a partir de | Tipo de ítem Koha |
|---|---|---|---|---|---|---|---|---|---|---|---|---|---|
| El ejemplar forma parte de la colección y puede ser consultado según las políticas vigentes. | Biblioteca del Museo Franz Mayer (Rogerio Casas-Alatriste) | Biblioteca del Museo Franz Mayer (Rogerio Casas-Alatriste) | 08/05/2014 | X103 | HG1505 .S76 1953 (X103) | 8813 | 22/03/2019 | 22/03/2019 | Libros |